000 00723nam a2200241 i 4500
001 C2-0081991
003 PPAK
005 20180727084726.0
008 970429s1985 my a|||| ||||| | may d
020 _a9679290077
040 _aPPAK
_beng
_cPPAK
_erda
082 0 4 _a297
_223
090 0 0 _a297
_bVON
_dK
100 1 _aVon Denffer, Ahmad,
_eauthor
245 1 0 _aKerjatangan dan permainan
264 1 _aKuala Lumpur :
_bMajlis Da'wah Islamiah Serantau Asia Tenggara dan Pasifik ,
_c1985
300 _a38 pages :
_bcolour illustrations ;
_c21 cm
336 _2rdacontent
_atext
337 _2rdamedia
_aunmediated
338 _2rdacarrier
_avolume
650 1 0 _aIslamic religious education of children
942 _ddc
_cB
999 _c14967
_d14967